000 00405nam a2200181Ia 4500
008 210210b1962 xxu||||| |||| 00| 0 eng d
041 _aeng
082 _a828/491
100 _aPEARSON (Hesketh)
245 _aLives of the wits
260 _aLondon
_bWilliam Heinemann Ltd.
_c1962
650 _awits
650 _athe
650 _aof
650 _aLives
690 _aBiography
906 _a016335
999 _c135838
_d135838